000 02500nam0a2200409 i 4500
001 RU\NLR\BIBL_A\011353368
005 20241101014915.0
010 _a9785804416257
_9100
021 _aRU
_b2017-12634
_9931
035 _a(RuMoRGB)008806429
035 _a(NLR Aleph) 011353368
090 _a11257750
_c11257750
100 _a20170324d2016 km y0rusy50 ca
101 0 _arus
_deng
_eeng
_erus
102 _aRU
105 _aab||z|||000zy
200 1 _aСнегоопасность о. Сахалин
_dSnow hazard on the Sakhalin island
_e[монография]
_fЕ. Н. Казакова, В. А. Лобкина
_gФедеральное агентство научных организаций, Федеральное государственное бюджетное учреждение науки Дальневосточный геологический институт Дальневосточного отделения Российской академии наук
_zeng
210 _aВладивосток
_cДальнаука
_d2016
215 _a112 с.
_cил., табл., карт.
_d27
300 _aАвт. также на англ. яз.: E.N. Kazakova, V.A. Lobkina
300 _aНа 4-й с. обл. авт.: Е.Н. Казакова к.геогр.н., В.А. Лобкина к.геогр.н
300 _aРез. на англ. яз.
320 _aБиблиогр.: с. 108-112 (108 назв.)
510 1 _6z22790
_aSnow hazard on the Sakhalin island
_zeng
606 1 _aСнегопады
_yСахалин, остров (Охотское море)
_92325423
_3RU\NLR\AUTH\6601615462
606 1 _aЛавины
_yСахалин, остров (Охотское море)
_91475817
_3RU\NLR\AUTH\66627317
686 _aД9(2Р55-4Сах,993)228,0
_2rubbk
686 1 _aД241.625(2Р55-4Сах,993)
686 1 _aД228.169(2Р55-4Сах,993)
700 1 _aКазакова
_bЕ. Н.
_cканд. геогр. наук
_gЕкатерина Николаевна
_9172370
_3RU\NLR\AUTH\770172420
701 1 _aЛобкина
_bВ.А.
_cканд. геогр. наук
_gВалентина Андреевна
_9172378
_3RU\NLR\AUTH\770172428
790 1 _7ba
_8rus
_aKazakova
_bE. N.
_cканд. геогр. наук
_gEkaterina Nikolaevna
_9172372
_3RU\NLR\AUTH\770172422
790 1 _7ba
_8rus
_aLobkina
_bV. A.
_cканд. геогр. наук
_gValentina Andreevna
_9172379
_3RU\NLR\AUTH\770172429
942 _cBOOK
980 _aNBR